01477cam a22003257a 45000010005000000030006000050050017000110080041000280100017000690200018000860200022001040350023001260400035001490500024001840820011002081000017002192450043002362600052002793000023003315050007003545200375003615210018007365210018007546500040007729060045008129420015008579990015008729520131008879520133010182638FISKH20250814142501.0040827s2003 nyu 000 0 eng  a 2004302346 a9780786818839 a0786818832 (hbk.) a(OCoLC)ocm52632845 aUBYcUBYdTEFdOCLCQdDLCbeng00aMLCS 2011/42311 (P) a813.541 aGutman, Dan.14aThe million dollar goal /cDan Gutman. aNew York :bHyperion Books For Children,c2003. a167 pages ;c22 cm aR  aBrother and sister twins, Dawn and Dusk, love hockey. Unfortunately, their dad hates the game, and their grandmother thinks they ought to be doing their homework. But, when their dad gets free tickets to a Canadiens game, he takes the whole family. The lucky fan who will get a chance to take a shot on goal for one million dollars will be chosen at the end of the game.8 a720 bLexile 8 aR bRaz-Plus  aHockey sportsvJuvenile literature  a7bcbccorignewd4encipf20gy-gencatlg 2ddccBKn0 c2638d2638 00102ddc40708JUVFa001b001cTK Oranged2024-01-08l0oGUT Fic PZ7.G9846 pFISTK00039r2024-01-08 09:25:05w2024-01-08yBK 00102ddc40708JUVFa002b002cTTP Oranged2025-08-14l0oGUT Fic PZ7.G9846 pFIS02793r2025-08-14 14:24:26t2w2025-08-14yBK